| 000 | 00781nac a22002291u 4500 | ||
|---|---|---|---|
| 010 | _a25005880 | ||
| 035 | _a(OCoLC)1186360 | ||
| 082 |
_a620.1 _bL2181 |
||
| 090 |
_c1769 _d1769 |
||
| 100 | _aLamb, Horace, | ||
| 245 | 1 | 0 |
_aStatics, _bincluding hydrostatics and the elements of the theory of elasticity, _cby Horace Lamb ... |
| 250 | _a2d ed. | ||
| 260 |
_aCambridge [Eng.] _bThe University Press, _c1924. |
||
| 300 |
_axii, 357 p. _bdiagrs. _c22 cm. |
||
| 500 | _aDonations | ||
| 500 | _aDonations - Dr. Mostafa Gouda | ||
| 650 | 0 | _aStatics. | |
| 650 | 0 | _aHydrostatics. | |
| 650 | 0 | _aElasticity. | |
| 942 |
_cBB _k620.1L2181 |
||
| 999 |
_c1769 _d1769 |
||